[Event "Baden-ch Young Seniors"]
[Site "Hockenheim"]
[Date "1994.??.??"]
[Round "5"]
[White "Kuehner, Peter"]
[Black "Eichhorn, Rudi"]
[Result "1/2-1/2"]
[WhiteElo "1775"]
[BlackElo "1685"]
[PlyCount "89"]
[EventDate "1994.??.??"]
[EventType "swiss"]
[EventRounds "9"]
[EventCountry "GER"]
[SourceTitle "EXT 2003"]
[Source "ChessBase"]
[SourceDate "2002.11.25"]
[SourceVersion "1"]
[SourceVersionDate "2002.11.25"]
[SourceQuality "1"]

1. e4 e6 2. d4 d5 3. Nc3 Nf6 4. Bd3 dxe4 5. Nxe4 Nbd7 6. c3 b6 7. Ne2 Bb7 8. f3 Be7 9. 0-0 0-0 10. Be3 Rc8 11. Qc2 c5 12. dxc5 Nxe4 13. Bxe4 Bxe4 14. Qxe4 Bxc5 15. Rad1 Qe7 16. Kh1 Bxe3 17. Qxe3 Nc5 18. Nd4 a6 19. Rfe1 Qc7 20. Qg5 Rce8 21. Re2 e5 22. Nf5 f6 23. Qg4 Rd8 24. Red2 Rxd2 25. Rxd2 g6 26. Qc4+ Kh8 27. Nd6 Qe7 28. b4 Nb7 29. Nxb7 Qxb7 30. Qe6 Qc8 31. Qd6 Kg7 32. Qd7+ Qxd7 33. Rxd7+ Rf7 34. Rxf7+ Kxf7 35. c4 Ke6 36. Kg1 Kd6 37. Kf2 h5 38. Ke3 f5 39. h4 Ke6 40. Kd3 Kd6 41. Kc3 Kc6 42. g3 Kd6 43. Kd3 Ke6 44. Ke3 Kd6 45. Kd3 1/2-1/2